Les dirigeants français de 481 à aujourd'hui - Statistiques

Statistiques générales
  • Ce quiz a été pris 104 fois
  • Le résultat moyen est 55 sur 104
Statistiques - réponses
Règne Titre Dirigeant % Correct
877-879 Carolingien Louis II
95%
879-882 Carolingien Louis III
95%
936-954 Carolingien Louis IV
95%
1226-1270 Capétien Louis IX
95%
986-987 Carolingien Louis V
95%
1108-1137 Capétien Louis VI
95%
1137-1180 Capétien Louis VII
95%
1223-1226 Capétien Louis VIII
95%
1314-1316 Capétien Louis X
95%
1461-1483 Valois Louis XI
95%
1498-1515 Valois-Orléans Louis XII
95%
1610-1643 Bourbon Louis XIII
95%
1643-1715 Bourbon Louis XIV
95%
1715-1774 Bourbon Louis XV
95%
1774-1792 Bourbon Louis XVI
95%
639-657 Mérovingien Clovis II
89%
691-695 Mérovingien Clovis IV
89%
depuis 2017 Cinquième République Emmanuel Macron
89%
2012-2017 Cinquième République François Hollande
88%
1944-1946 Gouvernement provisoire de la République française Charles de Gaulle
86%
1958-1969 Cinquième République Charles de Gaulle
86%
1995-2007 Cinquième République Jacques Chirac
86%
1848-1852 Deuxième République Louis-Napoléon Bonaparte
86%
1815 Premier Empire Napoléon II
86%
1852-1870 Second Empire Napoléon III
86%
843-877 Carolingien Charles II
85%
1322-1328 Capétien Charles IV
85%
1560-1574 Orléans-Angoulême Charles IX
85%
1364-1380 Valois Charles V
85%
1380-1422 Valois Charles VI
85%
1422-1461 Valois Charles VII
85%
1483-1498 Valois Charles VIII
85%
1824-1830 Restauration Charles X
85%
2007-2012 Cinquième République Nicolas Sarkozy
85%
1981-1995 Cinquième République François Mitterrand
82%
1974-1981 Cinquième République Valéry Giscard d'Estaing
82%
1547-1559 Orléans-Angoulême Henri II
78%
1574-1589 Orléans-Angoulême Henri III
78%
1589-1610 Bourbon Henri IV
78%
1969-1974 Cinquième République Georges Pompidou
77%
1940-1944 État Français Philippe Pétain
75%
1559-1560 Orléans-Angoulême François II
68%
1180-1223 Capétien Philippe II
62%
1270-1285 Capétien Philippe III
62%
1285-1314 Capétien Philippe IV
62%
1316-1322 Capétien Philippe V
62%
1328-1350 Valois Philippe VI
62%
1954-1958 Quatrième République René Coty
62%
1350-1364 Valois Jean II
54%
751-768 Carolingien Pépin III
52%
987-996 Capétien Hugues Capet
48%
711-715 Mérovingien Dagobert III
45%
1871-1873 Troisième République Adolphe Thiers
42%
662-675 Mérovingien Childéric II
40%
743-751 Mérovingien Childéric III
40%
1895-1899 Troisième République Félix Faure
40%
584-629 Mérovingien Clotaire II
38%
1887-1894 Troisième République Sadi Carnot
38%
1947-1954 Quatrième République Vincent Auriol
38%
1931-1932 Troisième République Paul Doumer
37%
1913-1920 Troisième République Raymond Poincaré
37%
1873-1879 Troisième République Patrice de Mac Mahon
35%
1924-1931 Troisième République Gaston Doumergue
34%
1879-1887 Troisième République Jules Grévy
34%
1920 Troisième République Paul Deschanel
32%
675-691 Mérovingien Thierry III
32%
721-737 Mérovingien Thierry IV
32%
715-721 Mérovingien Chilpéric II
31%
1946-1947 Gouvernement provisoire de la République française Léon Blum
31%
1814-1824 Restauration Louis XVIII
31%
922-923 Carolingien Robert I
29%
996-1031 Capétien Robert II
29%
1932-1940 Troisième République Albert Lebrun
26%
888-898 Carolingien Eudes
26%
1894-1895 Troisième République Jean Casimir-Perier
26%
954-986 Carolingien Lothaire
26%
1920-1924 Troisième République Alexandre Millerand
25%
1899-1906 Troisième République Émile Loubet
25%
1830-1848 Monarchie de Juillet Louis-Philippe Ier
25%
1799-1804 Première République (Premier consul) Napoléon Ier
25%
1804-1814, puis 1815 Premier Empire Napoléon Ier
25%
1906-1913 Troisième République Armand Fallières
23%
657-662 Mérovingien Childebert III
23%
695-711 Mérovingien Childebert IV
23%
481-511 Mérovingien Clovis Ier
23%
923-936 Carolingien Raoul
23%
768-814 Carolingien Charles Ier
20%
1515-1547 Orléans-Angoulême François Ier
20%
879-884 Carolingien Carloman II
18%
814-840 Carolingien Louis Ier
18%
1031-1060 Capétien Henri Ier
15%
1316 Capétien Jean Ier
14%
1060-1108 Capétien Philippe Ier
12%
511-561 Mérovingien Clotaire Ier
11%
561-584 Mérovingien Chilpéric Ier
9%
629-639 Mérovingien Dagobert Ier
9%
884-887 Carolingien Charles III le Gros
8%
1792-1793 Première République (Convention Nationale) Girondins
8%
1793-1794 Première République (Convention Nationale) Montagnards
8%
1795-1799 Première République (Directoire) Paul Barras
8%
893-922 Carolingien Charles III le Simple
5%
1946 Gouvernement provisoire de la République française Félix Gouin
5%
1794-1795 Première République (Convention Nationale) Thermidoriens
5%
1946 Gouvernement provisoire de la République française Georges Bidault
2%
Aucun quiz correspondant
Distribution des résultats
% des personnes avec chaque résultat
Percentile par nombre de réponses
Votre historique - résultats
Vous n’avez pas pris ce quiz